The personality of a house : (Record no. 964)
[ view plain ]
| 000 -CABECERA | |
|---|---|
| campo de control de longitud fija | 00445cam a22001451 4500 |
| 001 - NÚMERO DE CONTROL | |
| campo de control | 000000977 |
| 005 - FECHA Y HORA DE LA ÚLTIMA TRANSACCIÓN | |
| campo de control | 20200929145446.0 |
| 008 - DATOS DE LONGITUD FIJA--INFORMACIÓN GENERAL | |
| campo de control de longitud fija | 750418s1948 nyua 000 0 eng |
| 040 ## - FUENTE DE LA CATALOGACIÓN | |
| Centro catalogador/agencia de origen | DO-SdBNP |
| Lengua de catalogación | spa |
| Centro/agencia transcriptor | BNPHU |
| 082 ## - NÚMERO DE LA CLASIFICACIÓN DECIMAL DEWEY | |
| Número de clasificación | 728.3 |
| Número de documento/Ítem | P857p |
| 100 1# - ENTRADA PRINCIPAL--NOMBRE DE PERSONA | |
| Nombre de persona | Post, Emily |
| Fechas asociadas al nombre | 1872-1960. |
| 9 (RLIN) | 3427 |
| 245 14 - MENCIÓN DE TÍTULO | |
| Título | The personality of a house : |
| Resto del título | the blue book of home charm. |
| 260 ## - PUBLICACIÓN, DISTRIBUCIÓN, ETC. | |
| Lugar de publicación, distribución, etc. | New York : |
| Nombre del editor, distribuidor, etc. | Funk & Wagnalls Co., |
| Fecha de publicación, distribución, etc. | [1948]. |
| 300 ## - DESCRIPCIÓN FÍSICA | |
| Extensión | xvi, 492 p. : |
| Otras características físicas | il. ; |
| Dimensiones | 24 cm. |
No items available.
